University Home | Library Home | Institutional Repository

Dr. Laws of Livingstonia / (Record no. 216632)

MARC details
000 -LEADER
fixed length control field 00684nam a22001697a 4500
005 - DATE AND TIME OF LATEST TRANSACTION
control field 20260421085125.0
008 - FIXED-LENGTH DATA ELEMENTS--GENERAL INFORMATION
fixed length control field 260421b |||||||| |||| 00| 0 eng d
040 ## - CATALOGING SOURCE
Original cataloging agency LC
Transcribing agency UNZA
Modifying agency UNZA
Description conventions RDA
050 ## - LIBRARY OF CONGRESS CALL NUMBER
Classification number ZAMB BV 3625
Item number JOH
100 ## - MAIN ENTRY--PERSONAL NAME
Personal name Johston, James F.R.H.S
Dates associated with a name "Author of Grenfell of labrador " " Missionary landscapes in the dark continent"
245 ## - TITLE STATEMENT
Title Dr. Laws of Livingstonia /
Statement of responsibility, etc. James Johnston, F.R.H.S
260 ## - PUBLICATION, DISTRIBUTION, ETC.
Place of publication, distribution, etc. London :
Name of publisher, distributor, etc. S.W.Partridge and Co. LTD,
Date of publication, distribution, etc. ( n.d)
300 ## - PHYSICAL DESCRIPTION
Extent 160 pages :
Other physical details illustrations.
650 ## - SUBJECT ADDED ENTRY--TOPICAL TERM
Topical term or geographic name entry element Church of England
General subdivision Missions
-- 19th century Missions
Geographic subdivision Malawi.
650 ## - SUBJECT ADDED ENTRY--TOPICAL TERM
Topical term or geographic name entry element Missionaries
General subdivision Great Britain
-- History
-- 19th century
Geographic subdivision Malawi.
942 ## - ADDED ENTRY ELEMENTS (KOHA)
Koha item type Zambian collection
999 ## -
-- 216632
-- 216632
Holdings
Withdrawn status Lost status Source of classification or shelving scheme Damaged status Not for loan Home library Current library Shelving location Date acquired Total Checkouts Full call number Barcode Date last seen Price effective from Koha item type
    Library of Congress Classification     Main Library Main Library Special collections 04/21/2026   ZAMB BV 3625 JOH 33729001861264 04/21/2026 04/21/2026 Zambian collection
© 2026 - The University of Zambia Library - Koha v25.11